[Event "ICS rated standard match"]
[Site "204.178.125.65"]
[Date "2000.06.25"]
[Round "?"]
[White "PostModernist"]
[Black "Hossa"]
[Result "1-0"]
[WhiteElo "2371"]
[BlackElo "2348"]
[PlyCount "103"]
[EventDate "2000.??.??"]

1. d4 e6 2. c4 d5 3. Nc3 Nf6 4. Nf3 Bb4 5. Bg5 O-O 6. e3 Nbd7 7. Qc2 h6 8. Bh4
c6 9. Bd3 dxc4 10. Bxc4 c5 11. dxc5 Nxc5 12. O-O Qe7 13. Rfd1 Bxc3 14. Qxc3 g5
15. Bg3 Nce4 16. Qe5 Bd7 17. Bd3 Bc6 18. Nd4 Nxg3 19. Nxc6 bxc6 20. Qxg3 Rfd8
21. Qh3 h5 22. Rac1 Qc7 23. b4 a5 24. b5 c5 25. b6 Qe5 26. b7 Rab8 27. Qf3 Ng4
28. g3 Qc7 29. Ba6 Rd6 30. Rxd6 Qxd6 31. Bf1 f5 32. h3 Nf6 33. Bg2 Ne4 34. Qxh5
Qd2 35. Rf1 Rxb7 36. Bxe4 Rf7 37. Rd1 Qxd1+ 38. Qxd1 c4 39. Qd8+ Kh7 40. Bc2
Kg6 41. g4 Kh6 42. Qg8 Rg7 43. Qxe6+ Kh7 44. Bxf5+ Kh8 45. Qe8+ Rg8 46. Qh5+
Kg7 47. Qg6+ Kf8 48. Qd6+ Kf7 49. Qd7+ Kf6 50. Qe6+ Kg7 51. Qe7+ Kh8 52. Qh7# {
Hossa checkmated} 1-0

[Event "ICS Rated standard match"]
[Site "204.178.125.65"]
[Date "2000.06.25"]
[Round "?"]
[White "Hossa"]
[Black "Twolf"]
[Result "1-0"]
[WhiteElo "2323"]
[BlackElo "1983"]
[PlyCount "30"]
[EventDate "2000.??.??"]

1. d4 d5 2. c4 e6 3. Nc3 c6 4. e4 dxc4 5. Bxc4 Nd7 6. Bf4 Nb6 7. Bb3 Bb4 8. Nf3
Nf6 9. Qb1 a5 10. a3 Be7 11. O-O h6 12. Qc2 Bd7 13. Ne5 Nh5 14. Be3 Bg5 15. d5
O-O {Twolf resigns} 1-0

[Event "ICS rated bullet match"]
[Site "204.178.125.65"]
[Date "2000.06.25"]
[Round "?"]
[White "OldPhoenix"]
[Black "Hossa"]
[Result "0-1"]
[WhiteElo "1319"]
[BlackElo "2528"]
[PlyCount "32"]
[EventDate "2000.??.??"]

1. e3 g6 2. d3 Nc6 3. c3 Nf6 4. d4 d5 5. Bd2 Bg7 6. Ne2 O-O 7. Ng3 Bd7 8. Be2
h5 9. O-O h4 10. Nf5 Bxf5 11. f4 h3 12. gxh3 Bxh3 13. Rf3 Qc8 14. Qe1 Ne4 15.
Rxh3 Qxh3 16. Bf3 Qxf3 {OldPhoenix resigns} 0-1

[Event "ICS rated bullet match"]
[Site "204.178.125.65"]
[Date "2000.06.25"]
[Round "?"]
[White "grry"]
[Black "Hossa"]
[Result "0-1"]
[WhiteElo "1421"]
[BlackElo "2528"]
[PlyCount "54"]
[EventDate "2000.??.??"]

1. d4 Nf6 2. c4 e6 3. Nc3 Bb4 4. e3 b6 5. Bd2 O-O 6. a3 Bxc3 7. Bxc3 Bb7 8. Qc2
Be4 9. Qd2 Bg6 10. f3 Nc6 11. h4 d5 12. cxd5 Nxd5 13. g4 e5 14. h5 exd4 15.
Bxd4 Nxd4 16. Qxd4 Nxe3 17. Qxe3 Re8 18. Qxe8+ Qxe8+ 19. Kf2 Qe5 20. hxg6 Qxb2+
21. Kg3 Qxa1 22. gxh7+ Kh8 23. Bd3 Qxa3 24. Be4 Re8 25. g5 Rxe4 26. g6 fxg6 27.
Ne2 Rxe2 {grry resigns} 0-1

[Event "ICS rated bullet match"]
[Site "204.178.125.65"]
[Date "2000.06.25"]
[Round "?"]
[White "Hossa"]
[Black "Leonardo87"]
[Result "1-0"]
[WhiteElo "2528"]
[BlackElo "1695"]
[PlyCount "46"]
[EventDate "2000.??.??"]

1. d4 d5 2. c4 Nf6 3. Nc3 g6 4. cxd5 Nxd5 5. e4 Nxc3 6. bxc3 c5 7. Nf3 Bg7 8.
Bb5+ Bd7 9. Bxd7+ Nxd7 10. O-O O-O 11. Bf4 Qb6 12. Rb1 Qa6 13. Ng5 cxd4 14.
cxd4 Qxa2 15. Rxb7 Nf6 16. Rxe7 Nh5 17. Bc1 Rfe8 18. Rxf7 Rab8 19. f4 Rf8 20.
Rc7 Rbe8 21. Rf2 Qa6 22. Qb3+ Qe6 23. Nxe6 Rxe6 {Leonardo87 resigns} 1-0

[Event "ICS rated bullet match"]
[Site "204.178.125.65"]
[Date "2000.06.25"]
[Round "?"]
[White "Leonardo87"]
[Black "Hossa"]
[Result "0-1"]
[WhiteElo "1695"]
[BlackElo "2528"]
[PlyCount "26"]
[EventDate "2000.??.??"]

1. e4 e5 2. Nf3 Nc6 3. Bc4 Nf6 4. O-O Bc5 5. d3 d6 6. Bd2 O-O 7. Nc3 Na5 8. h3
Nxc4 9. d4 exd4 10. e5 dxc3 11. Bxc3 Nxe5 12. Nxe5 dxe5 13. Bxe5 Qe7 {
Leonardo87 resigns} 0-1

[Event "ICS rated bullet match"]
[Site "204.178.125.65"]
[Date "2000.06.25"]
[Round "?"]
[White "Hossa"]
[Black "Leonardo87"]
[Result "1-0"]
[WhiteElo "2528"]
[BlackElo "1695"]
[PlyCount "45"]
[EventDate "2000.??.??"]

1. d4 d5 2. c4 Nf6 3. Nc3 e6 4. cxd5 exd5 5. e3 c6 6. Nf3 Be7 7. Bd3 O-O 8. Qc2
Bg4 9. Ng5 h6 10. Nh7 Nxh7 11. Bxh7+ Kh8 12. Bd3 Nd7 13. O-O Nf6 14. f3 Bd7 15.
e4 Qc7 16. e5 Ne8 17. Be3 Be6 18. f4 c5 19. Nb5 Qc6 20. dxc5 a6 21. Nd6 Bxd6
22. cxd6 Rc8 23. Qf2 {Leonardo87 resigns} 1-0

[Event "ICS rated bullet match"]
[Site "204.178.125.65"]
[Date "2000.06.25"]
[Round "?"]
[White "Hossa"]
[Black "NoDefense"]
[Result "1-0"]
[WhiteElo "2528"]
[BlackElo "1265"]
[PlyCount "29"]
[EventDate "2000.??.??"]

1. d4 Nf6 2. c4 g6 3. Nc3 Bg7 4. e4 O-O 5. Bg5 d6 6. f3 Nbd7 7. Nge2 Re8 8. Qd2
e5 9. O-O-O exd4 10. Nxd4 Ne5 11. Bh6 Bxh6 12. Qxh6 a6 13. c5 dxc5 14. Nf5 Qe7
15. Qg7# 1-0

[Event "ICS rated bullet match"]
[Site "204.178.125.65"]
[Date "2000.06.25"]
[Round "?"]
[White "MrHydden"]
[Black "Hossa"]
[Result "0-1"]
[WhiteElo "1948"]
[BlackElo "2534"]
[PlyCount "22"]
[EventDate "2000.??.??"]

1. d4 Nf6 2. c4 e6 3. Nc3 Bb4 4. e3 b6 5. Nf3 Bb7 6. Be2 Nc6 7. O-O O-O 8. Qc2
Ne7 9. Nd2 c5 10. a3 Ba5 11. e4 cxd4 {MrHydden resigns} 0-1

[Event "ICS rated bullet match"]
[Site "204.178.125.65"]
[Date "2000.06.25"]
[Round "?"]
[White "MrHydden"]
[Black "Hossa"]
[Result "0-1"]
[WhiteElo "1946"]
[BlackElo "2536"]
[PlyCount "32"]
[EventDate "2000.??.??"]

1. e3 g6 2. Be2 e5 3. b3 Nc6 4. Bb2 Nf6 5. c4 Bg7 6. d3 O-O 7. Nf3 d6 8. O-O
Bf5 9. Nc3 Qd7 10. h3 a5 11. e4 Bxh3 12. gxh3 Qxh3 13. Nh2 Nd4 14. f3 Qg3+ 15.
Kh1 Rad8 16. Rf2 Qxf2 {MrHydden resigns} 0-1

[Event "ICS rated bullet match"]
[Site "204.178.125.65"]
[Date "2000.06.25"]
[Round "?"]
[White "MrHydden"]
[Black "Hossa"]
[Result "0-1"]
[WhiteElo "1944"]
[BlackElo "2538"]
[PlyCount "24"]
[EventDate "2000.??.??"]

1. e3 g6 2. Be2 e5 3. b3 Nc6 4. Bb2 Nf6 5. c4 Bg7 6. Nc3 O-O 7. d3 d5 8. cxd5
Nxd5 9. Nf3 e4 10. Nxd5 exf3 11. Bxg7 fxe2 12. Bxf8 exd1=Q+ {MrHydden resigns}
0-1

[Event "ICS rated bullet match"]
[Site "204.178.125.65"]
[Date "2000.06.25"]
[Round "?"]
[White "MrHydden"]
[Black "Hossa"]
[Result "0-1"]
[WhiteElo "1942"]
[BlackElo "2540"]
[PlyCount "40"]
[EventDate "2000.??.??"]

1. d4 Nf6 2. c4 e6 3. Nc3 Bb4 4. e3 b6 5. Nf3 Bb7 6. Be2 Nc6 7. O-O O-O 8. Qc2
Ne7 9. Nd2 c5 10. a3 Ba5 11. dxc5 bxc5 12. b3 d6 13. Bb2 Nc6 14. Rad1 Qe7 15.
Bf3 Rfd8 16. Rfe1 Ne5 17. Be2 Rab8 18. Nf3 Bxf3 19. Bxf3 Nxf3+ 20. gxf3 Qb7 {
MrHydden resigns} 0-1

[Event "ICS rated bullet match"]
[Site "204.178.125.65"]
[Date "2000.06.25"]
[Round "?"]
[White "MrHydden"]
[Black "Hossa"]
[Result "0-1"]
[WhiteElo "1940"]
[BlackElo "2542"]
[PlyCount "32"]
[EventDate "2000.??.??"]

1. d4 Nf6 2. c4 e6 3. Nc3 Bb4 4. e3 b6 5. Nf3 Bb7 6. Be2 Nc6 7. O-O O-O 8. Bd2
a5 9. a3 Bxc3 10. Bxc3 Ne4 11. Be1 Ne7 12. Nd2 Nf5 13. Nxe4 Bxe4 14. Bd2 Qg5
15. f3 Nxe3 16. fxe4 Qxg2# {MrHydden checkmated} 0-1

[Event "ICS rated bullet match"]
[Site "204.178.125.65"]
[Date "2000.06.25"]
[Round "?"]
[White "Hossa"]
[Black "MrHydden"]
[Result "1-0"]
[WhiteElo "2543"]
[BlackElo "1939"]
[PlyCount "23"]
[EventDate "2000.??.??"]

1. d4 e6 2. c4 Nf6 3. Nc3 Bb4 4. Qc2 b6 5. e4 c5 6. a3 cxd4 7. axb4 dxc3 8. e5
cxb2 9. Bxb2 Ng8 10. Qd1 Ne7 11. Qf3 Nbc6 12. b5 {MrHydden resigns} 1-0

[Event "ICS rated bullet match"]
[Site "204.178.125.65"]
[Date "2000.06.25"]
[Round "?"]
[White "Hossa"]
[Black "MrHydden"]
[Result "1-0"]
[WhiteElo "2545"]
[BlackElo "1937"]
[PlyCount "43"]
[EventDate "2000.??.??"]

1. d4 Nf6 2. c4 e6 3. Nc3 Bb4 4. e3 O-O 5. Nge2 b6 6. a3 Be7 7. e4 d6 8. Be3 c5
9. d5 e5 10. f3 Nbd7 11. Kf2 Ne8 12. b3 Bg5 13. Bxg5 Qxg5 14. Ng3 g6 15. h4 Qe7
16. Qd2 Ng7 17. h5 f5 18. hxg6 hxg6 19. Qh6 Kf7 20. exf5 gxf5 21. Nb5 Ne8 22.
Nxf5 {MrHydden resigns} 1-0

[Event "ICS rated bullet match"]
[Site "204.178.125.65"]
[Date "2000.06.25"]
[Round "?"]
[White "MrHydden"]
[Black "Hossa"]
[Result "0-1"]
[WhiteElo "1936"]
[BlackElo "2546"]
[PlyCount "26"]
[EventDate "2000.??.??"]

1. d4 Nf6 2. c4 e6 3. Nc3 Bb4 4. e3 b6 5. Nf3 Bb7 6. Be2 Nc6 7. O-O O-O 8. a3
Bxc3 9. bxc3 Ne4 10. Qc2 Na5 11. Nd2 Nxd2 12. Bxd2 Ba6 13. Qa4 d5 {
MrHydden resigns} 0-1

[Event "ICS rated bullet match"]
[Site "204.178.125.65"]
[Date "2000.06.25"]
[Round "?"]
[White "Hossa"]
[Black "MrHydden"]
[Result "1-0"]
[WhiteElo "2547"]
[BlackElo "1935"]
[PlyCount "43"]
[EventDate "2000.??.??"]

1. d4 Nf6 2. c4 e6 3. Nc3 Bb4 4. e3 O-O 5. Nge2 b6 6. a3 Be7 7. e4 d6 8. Be3 c5
9. d5 e5 10. f3 Ne8 11. Kf2 Bg5 12. f4 exf4 13. Nxf4 Nd7 14. Be2 Ne5 15. Rf1 g6
16. Kg1 Ng7 17. Qd2 f5 18. b3 fxe4 19. Nxe4 Nf5 20. Nxg5 Qxg5 21. Ne6 Qxe3+ 22.
Qxe3 {MrHydden resigns} 1-0

[Event "ICS rated bullet match"]
[Site "204.178.125.65"]
[Date "2000.06.25"]
[Round "?"]
[White "Hossa"]
[Black "REAL-KILL"]
[Result "1-0"]
[WhiteElo "2550"]
[BlackElo "1879"]
[PlyCount "41"]
[EventDate "2000.??.??"]

1. d4 f6 2. e4 b6 3. Nf3 Bb7 4. Bd3 Nc6 5. d5 Ne5 6. Nxe5 fxe5 7. Qh5+ g6 8.
Qxe5 Nf6 9. Bf4 Bg7 10. Nc3 Nh5 11. Qxc7 Qxc7 12. Bxc7 Rc8 13. Bg3 O-O 14. O-O
b5 15. Bh4 Rfe8 16. Bxb5 Ba8 17. Bxd7 Rxc3 18. bxc3 Rd8 19. Bg4 Nf4 20. Bxe7
Rc8 21. Bxc8 {REAL-KILL resigns} 1-0

[Event "ICS rated bullet match"]
[Site "204.178.125.65"]
[Date "2000.06.25"]
[Round "?"]
[White "Bjackhammer"]
[Black "Hossa"]
[Result "0-1"]
[WhiteElo "1203"]
[BlackElo "2551"]
[PlyCount "54"]
[EventDate "2000.??.??"]

1. e4 e6 2. d4 d5 3. exd5 exd5 4. Nc3 Nf6 5. Nf3 Be7 6. Bg5 O-O 7. Qe2 Re8 8.
Qd3 Bb4+ 9. Ne5 h6 10. Bxf6 Bxc3+ 11. bxc3 gxf6 12. Be2 fxe5 13. dxe5 Rxe5 14.
O-O Nc6 15. f4 Re6 16. Bh5 b6 17. g4 Na5 18. f5 Rd6 19. f6 Rxf6 20. g5 Rxf1+
21. Rxf1 Qxg5+ 22. Kh1 Qxh5 23. Qd4 Qe2 24. Rxf7 Qe1+ 25. Kg2 Kxf7 26. Qf4+ Kg6
27. Qe5 Qxe5 {Bjackhammer resigns} 0-1

[Event "ICS rated bullet match"]
[Site "204.178.125.65"]
[Date "2000.06.25"]
[Round "?"]
[White "Hossa"]
[Black "Bjackhammer"]
[Result "1-0"]
[WhiteElo "2551"]
[BlackElo "1203"]
[PlyCount "41"]
[EventDate "2000.??.??"]

1. d4 d5 2. c4 e6 3. Nc3 Nf6 4. Nf3 Be7 5. Bg5 O-O 6. cxd5 exd5 7. e3 Nbd7 8.
Bd3 Re8 9. O-O a6 10. Qc2 b5 11. Rac1 c5 12. dxc5 Bxc5 13. Bxh7+ Nxh7 14. Bxd8
Rxd8 15. Nxd5 Bxe3 16. fxe3 Ne5 17. Ne7+ Kf8 18. Nxe5 Rd7 19. Rxf7+ Ke8 20.
Qxh7 Rxe7 21. Qh8# 1-0

[Event "ICS rated bullet match"]
[Site "204.178.125.65"]
[Date "2000.06.25"]
[Round "?"]
[White "sharkmeister"]
[Black "Hossa"]
[Result "1-0"]
[WhiteElo "1506"]
[BlackElo "2551"]
[PlyCount "43"]
[EventDate "2000.??.??"]

1. e4 e6 2. Nf3 Nf6 3. e5 Nd5 4. d4 d6 5. Bd3 dxe5 6. dxe5 Be7 7. O-O O-O 8.
Re1 Nc6 9. Nc3 Nxc3 10. bxc3 Bd7 11. Bf4 Qc8 12. Qe2 Rd8 13. Rad1 Bc5 14. Qe4
g6 15. Bg5 Be7 16. Bf6 Bxf6 17. exf6 a5 18. Qh4 h5 19. Qg5 Nd4 20. Qh6 Nxf3+
21. gxf3 Qb8 22. Qg7# {Hossa checkmated} 1-0

[Event "ICS rated bullet match"]
[Site "204.178.125.65"]
[Date "2000.06.25"]
[Round "?"]
[White "Trucoseis"]
[Black "Hossa"]
[Result "0-1"]
[WhiteElo "2200"]
[BlackElo "2519"]
[PlyCount "80"]
[EventDate "2000.??.??"]

1. e4 c6 2. Nf3 d5 3. d4 dxe4 4. Ng5 Bf5 5. Nc3 Nf6 6. Bc4 e6 7. Qe2 b5 8. Bb3
Be7 9. Ngxe4 Nxe4 10. Nxe4 Qxd4 11. Ng3 Bg6 12. Be3 Qxb2 13. O-O O-O 14. Rab1
Qc3 15. Rbd1 c5 16. a4 c4 17. Ba2 bxa4 18. Rd2 Rc8 19. Rfd1 Na6 20. Rd7 Rc7 21.
Bxc4 Qxc4 22. Qxc4 Rxc4 23. Rxe7 Nc7 24. h3 Rxc2 25. Rdd7 Rc8 26. Rxc7 R2xc7
27. Bxa7 Rxe7 28. Be3 a3 29. Kh2 Rc4 30. Bd4 Rxd4 31. Ne2 Rc4 32. Nc1 Rxc1 33.
Kg3 Rc3+ 34. Kf4 e5+ 35. Kg4 f5+ 36. Kg5 Kf7 37. g4 h6+ 38. Kh4 Rf3 39. gxf5
Bxf5 40. Kh5 Rxh3# 0-1

[Event "ICS rated bullet match"]
[Site "204.178.125.65"]
[Date "2000.06.25"]
[Round "?"]
[White "REAL-KILL"]
[Black "Hossa"]
[Result "0-1"]
[WhiteElo "1844"]
[BlackElo "2522"]
[PlyCount "40"]
[EventDate "2000.??.??"]

1. e3 g6 2. d4 Bg7 3. c4 Nf6 4. Nc3 c5 5. Nf3 cxd4 6. exd4 d5 7. Be2 dxc4 8.
O-O O-O 9. Bf4 Be6 10. Bxc4 Bxc4 11. d5 Bxf1 12. Kxf1 Nh5 13. Kg1 Nxf4 14. Qc1
Nxd5 15. Nxd5 Qxd5 16. Qe1 Bxb2 17. Rc1 Bxc1 18. Qxc1 Qxa2 19. Qg5 Qb1+ 20. Ne1
Qxe1# 0-1

[Event "ICS Rated standard match"]
[Site "204.178.125.65"]
[Date "2000.06.25"]
[Round "?"]
[White "Hossa"]
[Black "josechess"]
[Result "1-0"]
[WhiteElo "2333"]
[BlackElo "2366"]
[PlyCount "89"]
[EventDate "2000.??.??"]

1. e4 c6 2. d4 d5 3. e5 Na6 4. Nf3 h5 5. Nbd2 Nc7 6. Bd3 Nh6 7. O-O Bf5 8. Nb3
Bxd3 9. Qxd3 g6 10. Ng5 Qc8 11. c3 Nf5 12. Qc2 e6 13. Nf3 Be7 14. Na5 Kf8 15.
Bg5 Bxg5 16. Nxg5 Kg7 17. Qd2 Rb8 18. Rac1 Qd7 19. Nb3 Rhd8 20. Nc5 Qe7 21. Nd3
a5 22. a3 a4 23. f3 h4 24. Qf4 Na6 25. g3 hxg3 26. hxg3 c5 27. g4 Nh6 28. dxc5
Nxc5 29. Nxc5 Qxc5+ 30. Rf2 Qe7 31. Rd1 Rbc8 32. Rd4 b5 33. Re2 Rc4 34. Rxc4
bxc4 35. Rh2 Rh8 36. Kh1 f6 37. exf6+ Qxf6 38. Qc7+ Kg8 39. Qc8+ Kg7 40. Qd7+
Kg8 41. Qe8+ Kg7 42. Nxe6+ Kh7 43. Qd7+ Kg8 44. Rh3 g5 45. Kg1 {
josechess resigns} 1-0

[Event "ICS rated standard match"]
[Site "204.178.125.65"]
[Date "2000.06.25"]
[Round "?"]
[White "QueenMaxima"]
[Black "Hossa"]
[Result "1/2-1/2"]
[WhiteElo "2384"]
[BlackElo "2351"]
[PlyCount "215"]
[EventDate "2000.??.??"]

1. e4 c6 2. d4 d5 3. exd5 cxd5 4. c4 Nf6 5. Nc3 Nc6 6. Nf3 Bg4 7. cxd5 Bxf3 8.
Qxf3 Nxd4 9. Qd1 e5 10. dxe6 fxe6 11. Be3 Bc5 12. Qa4+ Kf8 13. O-O-O e5 14. h3
a6 15. Qc4 Qd6 16. Qd3 Rc8 17. Kb1 Qc6 18. Rc1 Kf7 19. Bg5 Bb4 20. Nd1 Qd6 21.
a3 Ba5 22. Rc4 Rcd8 23. Ra4 Bc7 24. Qc3 Rc8 25. Bc4+ Kf8 26. Bxf6 gxf6 27. Bd3
b5 28. Rb4 Qd8 29. Rxd4 exd4 30. Qd2 Qd7 31. Be4 Rd8 32. Re1 Kg7 33. Bb7 Ba5
34. Qxa5 Qxb7 35. Re6 Rhe8 36. Rxa6 Qe4+ 37. Ka2 Qc2 38. Qb6 Qc4+ 39. b3 Re2+
40. Nb2 Rxb2+ 41. Kxb2 Qe2+ 42. Ka1 Qe1+ 43. Ka2 Qxf2+ 44. Kb1 Qg1+ 45. Ka2
Qxg2+ 46. Ka1 Qf1+ 47. Kb2 Qe2+ 48. Ka1 Qe1+ 49. Ka2 Qe2+ 50. Ka1 Qe1+ 51. Kb2
Qc3+ 52. Ka2 Qc2+ 53. Ka1 Qc1+ 54. Ka2 Qd2+ 55. Kb1 Qd3+ 56. Kb2 Rf8 57. a4
bxa4 58. Rxa4 Qc3+ 59. Ka2 Qc2+ 60. Ka3 Qc1+ 61. Kb4 Rf7 62. Ra6 Qc8 63. Ka4 d3
64. Ra7 Qe8+ 65. Ka3 Rd7 66. Qg1+ Kf7 67. Qc5 Qe6 68. Kb2 Qe2+ 69. Ka3 Rxa7+
70. Qxa7+ Kg6 71. Qg1+ Kf5 72. Qc5+ Qe5 73. Qc8+ Kf4 74. Qc1+ Kg3 75. Qg1+ Kxh3
76. Qf1+ Kg4 77. Qxd3 Qa1+ 78. Kb4 Qe1+ 79. Ka3 Qc1+ 80. Ka4 Qc6+ 81. Ka3 h5
82. Qg6+ Kh4 83. b4 Qf3+ 84. Ka4 Qd1+ 85. Ka5 Qa1+ 86. Kb5 Qe5+ 87. Kc6 Qe6+
88. Kc5 Qe3+ 89. Kc6 Qc1+ 90. Kb6 Qg5 91. Qe4+ Qg4 92. Qe1+ Kh3 93. Qc3+ Kh2
94. b5 f5 95. Qd2+ Kh3 96. Qe3+ Kg2 97. Qd2+ Kf3 98. Qd3+ Kf2 99. Qd2+ Kf1 100.
Qd3+ Ke1 101. Qe3+ Kd1 102. Qd3+ Kc1 103. Qc3+ Kb1 104. Qb3+ Ka1 105. Qa3+ Kb1
106. Qb3+ Ka1 107. Qa3+ Kb1 108. Qb3+ 1/2-1/2

[Event "ICS rated blitz match"]
[Site "204.178.125.65"]
[Date "2000.06.25"]
[Round "?"]
[White "QueenMaxima"]
[Black "Hossa"]
[Result "1-0"]
[WhiteElo "2492"]
[BlackElo "2381"]
[PlyCount "67"]
[EventDate "2000.??.??"]

1. e4 c6 2. d4 d5 3. Nc3 g6 4. Nf3 Nh6 5. exd5 cxd5 6. Bb5+ Nc6 7. O-O Nf5 8.
Bf4 Bg7 9. Ne5 Bd7 10. Nxd5 g5 11. Nxd7 gxf4 12. N5f6+ exf6 13. Nc5 Qxd4 14.
Nxb7 Qb6 15. Qd5 Nfe7 16. Nd6+ Kd7 17. Qxf7 Kxd6 18. Rad1+ Nd4 19. Rfe1 Bf8 20.
Re6+ Kc7 21. Rxb6 Rd8 22. Rxd4 Rxd4 23. Ra6 Kb8 24. Be2 Rd5 25. Qe8+ Kb7 26.
Rxf6 Rc5 27. Qd7+ Kb8 28. Bf3 Nd5 29. Qd8+ Kb7 30. Bxd5+ Rxd5 31. Qxd5+ Kb8 32.
Rf7 Be7 33. Rxe7 Rf8 34. Qb7# {Hossa checkmated} 1-0

[Event "ICS rated standard match"]
[Site "204.178.125.65"]
[Date "2000.06.25"]
[Round "?"]
[White "Hossa"]
[Black "PostModernist"]
[Result "0-1"]
[WhiteElo "2353"]
[BlackElo "2377"]
[PlyCount "120"]
[EventDate "2000.??.??"]

1. e4 e5 2. Nf3 Nc6 3. Nc3 Nf6 4. Bc4 Bc5 5. d3 d6 6. Na4 Bb6 7. Nxb6 axb6 8.
Ng5 O-O 9. O-O Na5 10. Nxf7 Rxf7 11. Bxf7+ Kxf7 12. Bg5 h6 13. f4 exf4 14. Bxf4
Kg8 15. Qf3 Bg4 16. Qf2 Be6 17. Qh4 Ng4 18. Qg3 Nc6 19. c3 h5 20. h3 h4 21. Qe1
Nge5 22. d4 Nd3 23. Qb1 Nxf4 24. Rxf4 Qg5 25. Rf3 Bf7 26. Qc2 Bg6 27. Qb3+ Kh7
28. Re1 Re8 29. Rfe3 Rf8 30. Qc4 Rf4 31. Qd5 Qe7 32. e5 Qg5 33. Qb3 dxe5 34.
dxe5 Na5 35. Qd5 Nc4 36. R3e2 Bh5 37. Qd3+ Kh8 38. e6 Bxe2 39. Qxe2 Qe7 40. Kh2
Nd6 41. Qc2 Kg8 42. a4 Nf5 43. Qd1 Rf2 44. Re2 Rxe2 45. Qxe2 Qd6+ 46. Kg1 Qd5
47. b3 Kf8 48. c4 Qd4+ 49. Kh2 Ke7 50. Qf3 Kxe6 51. Kh1 Kf6 52. Qxb7 Qa1+ 53.
Kh2 Qe5+ 54. Kg1 Qe1+ 55. Kh2 Ng3 56. Qc6+ Kg5 57. Qd5+ Kh6 58. Qc6+ g6 59.
Qxg6+ Kxg6 60. a5 Qh1# {Hossa checkmated} 0-1

[Event "ICS rated standard match"]
[Site "204.178.125.65"]
[Date "2000.06.25"]
[Round "?"]
[White "JZInsomniac"]
[Black "Hossa"]
[Result "1-0"]
[WhiteElo "2529"]
[BlackElo "2338"]
[PlyCount "129"]
[EventDate "2000.??.??"]

1. e4 e5 2. Nf3 Nc6 3. Nc3 Nf6 4. Bb5 Bc5 5. O-O O-O 6. Nxe5 Nxe5 7. d4 Bd6 8.
f4 Neg4 9. Be2 Bb4 10. Bxg4 Bxc3 11. bxc3 Nxe4 12. c4 Re8 13. Bf3 d5 14. cxd5
Qxd5 15. Re1 b5 16. a4 bxa4 17. c4 Qc6 18. Qxa4 Qxa4 19. Rxa4 Bb7 20. Re3 f5
21. Ra5 Red8 22. Rb3 Bc8 23. Be3 Re8 24. Re5 Rxe5 25. fxe5 a5 26. Ra3 a4 27. d5
Bd7 28. Bf4 Be8 29. g4 g6 30. e6 Ra7 31. Bxe4 fxe4 32. Kf2 g5 33. Bxg5 Rb7 34.
Ke3 h5 35. gxh5 Rb3+ 36. Rxb3 axb3 37. Kd2 b2 38. Kc2 b1=Q+ 39. Kxb1 Bxh5 40.
Kc2 Bg4 41. Kd2 Kg7 42. Ke3 Kg6 43. Bd8 Kg7 44. Kxe4 Be2 45. Ke5 c5 46. Bf6+
Kg6 47. d6 Bxc4 48. d7 Bb3 49. d8=Q Bxe6 50. Qe8+ Bf7 51. Qxf7+ Kxf7 52. Kf5 c4
53. Bc3 Kg8 54. Kg5 Kf7 55. h3 Ke6 56. h4 Ke7 57. h5 Kf7 58. h6 Kg8 59. Kg6 Kf8
60. h7 Ke7 61. h8=Q Kd6 62. Qc8 Kd5 63. Kf5 Kd6 64. Bb4+ Kd5 65. Qc5# {
Hossa checkmated} 1-0

[Event "ICS rated bullet match"]
[Site "204.178.125.65"]
[Date "2000.06.25"]
[Round "?"]
[White "Hossa"]
[Black "thutters"]
[Result "1-0"]
[WhiteElo "2525"]
[BlackElo "2079"]
[PlyCount "57"]
[EventDate "2000.??.??"]

1. e4 g6 2. d4 Bg7 3. c4 d6 4. Nf3 Nf6 5. Nc3 O-O 6. Be2 Bg4 7. O-O Bxf3 8.
Bxf3 Nc6 9. e5 Ne8 10. Bg5 h6 11. Bh4 g5 12. Bg3 dxe5 13. Bxc6 bxc6 14. dxe5
Qc8 15. Qe2 Qe6 16. Ne4 f5 17. Nc5 Qc8 18. f3 e6 19. Rad1 Rf7 20. Bf2 Bf8 21.
Qd2 Ng7 22. Nd7 Be7 23. Qd3 Qe8 24. Be3 Rd8 25. Rf2 f4 26. Bxa7 Nf5 27. b4 Kg7
28. Nf6 Bxf6 29. exf6+ {thutters resigns} 1-0

[Event "ICS rated bullet match"]
[Site "204.178.125.65"]
[Date "2000.06.25"]
[Round "?"]
[White "thutters"]
[Black "Hossa"]
[Result "0-1"]
[WhiteElo "2077"]
[BlackElo "2527"]
[PlyCount "28"]
[EventDate "2000.??.??"]

1. d4 d5 2. Nf3 Nf6 3. e3 c5 4. c4 cxd4 5. exd4 Nc6 6. Nc3 Bg4 7. cxd5 Nxd5 8.
Qb3 Bxf3 9. gxf3 Nb6 10. d5 Ne5 11. Bb5+ Nbd7 12. Bf4 Nxf3+ 13. Kf1 g5 14. Bg3
Nd2+ {thutters resigns} 0-1

[Event "ICS rated bullet match"]
[Site "204.178.125.65"]
[Date "2000.06.25"]
[Round "?"]
[White "Hossa"]
[Black "thutters"]
[Result "1-0"]
[WhiteElo "2529"]
[BlackElo "2075"]
[PlyCount "27"]
[EventDate "2000.??.??"]

1. d4 Nf6 2. c4 e6 3. Nc3 c6 4. e4 d5 5. e5 Nfd7 6. Qg4 dxc4 7. Bxc4 Nb6 8. Bg5
Be7 9. Bxe7 Qxe7 10. Qxg7 Rf8 11. Bd3 N8d7 12. Bxh7 a6 13. Nf3 c5 14. Ne4 {
thutters resigns} 1-0

[Event "ICS rated bullet match"]
[Site "204.178.125.65"]
[Date "2000.06.25"]
[Round "?"]
[White "Prozac"]
[Black "Hossa"]
[Result "0-1"]
[WhiteElo "2197"]
[BlackElo "2535"]
[PlyCount "84"]
[EventDate "2000.??.??"]

1. c4 e5 2. Nf3 Nc6 3. d4 exd4 4. Nxd4 Nxd4 5. Qxd4 Nf6 6. Nc3 Be7 7. g3 O-O 8.
Bg2 d6 9. O-O c6 10. b3 Bf5 11. Bb2 Qd7 12. e4 Bh3 13. Rad1 Bxg2 14. Kxg2 Qg4
15. f3 Qg5 16. Rfe1 Qh5 17. Qe3 Rfd8 18. Ne2 Qa5 19. a3 Qc7 20. Nf4 Re8 21. Nd3
Nd7 22. b4 Red8 23. Nf4 Ne5 24. Qb3 Bg5 25. Nd3 Bf6 26. Nxe5 dxe5 27. Rd3 Rxd3
28. Qxd3 Rd8 29. Qe2 Qd6 30. Bc3 b6 31. Rc1 Be7 32. Rc2 Bg5 33. h4 Bh6 34. g4
Bf4 35. Kh3 Qd7 36. c5 h5 37. cxb6 hxg4+ 38. fxg4 axb6 39. Bb2 Qe6 40. Bc1 Qb3+
41. Be3 Bxe3 42. Rc3 Qxc3 {Prozac resigns} 0-1

[Event "ICS rated standard match"]
[Site "204.178.125.65"]
[Date "2000.06.25"]
[Round "?"]
[White "Amy"]
[Black "Hossa"]
[Result "1-0"]
[WhiteElo "2346"]
[BlackElo "2330"]
[PlyCount "145"]
[EventDate "2000.??.??"]

1. e4 c6 2. d4 d5 3. e5 Bf5 4. Nc3 Qb6 5. g4 Bd7 6. Na4 Qa5+ 7. c3 Bc8 8. Bd3
Na6 9. b4 Nxb4 10. cxb4 Qxb4+ 11. Bd2 Qxd4 12. Bc3 Qxg4 13. Nb2 Qxd1+ 14. Kxd1
Bg4+ 15. Ne2 Bf3 16. Rg1 Nh6 17. Kd2 Ng4 18. Rg3 Nxh2 19. Rh3 Nf1+ 20. Kc2 Bg2
21. Rh4 h5 22. Ng1 e6 23. Bxf1 Be7 24. Rh2 Bxf1 25. Rxf1 c5 26. Nf3 Kd7 27. Rg1
g6 28. Rhh1 b5 29. Rg2 Kc6 30. Bd2 Rac8 31. Rb1 Rc7 32. Rgg1 Rhc8 33. Nd3 Bf8
34. Nf4 d4 35. Kd3 Kb6 36. Ke4 Rd7 37. Nxg6 fxg6 38. Rxg6 Rc6 39. Ng5 Re7 40.
Rh1 c4 41. Rxh5 c3 42. Bc1 Kc5 43. Rh8 Bg7 44. Rd8 d3 45. Rxd3 b4 46. Rd8 Ra6
47. Be3+ Kc4 48. Rg8 Bxe5 49. Kxe5 Rxa2 50. Rb8 Rd7 51. Nxe6 Rd5+ 52. Ke4 Rh5
53. Rc8+ Kb3 54. Nd4+ Kb2 55. f4 Ra4 56. Rg2+ Kb1 57. Rb8 a6 58. f5 a5 59. f6
Rh7 60. Rg7 Rh4+ 61. Kd5 Rh5+ 62. Kc6 Rh1 63. Rbg8 c2 64. Rg1+ Rxg1 65. Rxg1+
Ka2 66. Nxc2 Kb2 67. f7 Kxc2 68. Rg2+ Kd3 69. f8=Q b3 70. Qf3 Rd4 71. Bxd4+
Kxd4 72. Rg4+ Ke5 73. Re4# {Hossa checkmated} 1-0